Biochemistry: the molecular basis of cell structure and function
Gardado en:
| Autor Principal: | |
|---|---|
| Formato: | Libro |
| Idioma: | inglés |
| Publicado: |
Nueva York
Worth Publishers
1975
|
| Edición: | 2a. ed |
| Subjects: | |
| Tags: |
Engadir etiqueta
Sen Etiquetas, Sexa o primeiro en etiquetar este rexistro!
|
MARC
| LEADER | 00000cam a2200000 a 4500 | ||
|---|---|---|---|
| 001 | UCU4191 | ||
| 003 | CL-VaPUC | ||
| 008 | 960517e19750000US |||||||||||||||||eng|d | ||
| 082 | 0 | 4 | |a 572 |b LEH |2 21 |
| 100 | |a Lehninger, Albert L |e author |9 482335 | ||
| 245 | 1 | 0 | |a Biochemistry: the molecular basis of cell structure and function |
| 250 | |a 2a. ed | ||
| 300 | |a 1104 p | ||
| 942 | |c BK | ||
| 945 | |d 19960517 00:00:00 |a lriquelm | ||
| 260 | |a Nueva York |b Worth Publishers |c 1975 | ||
| 650 | 0 | |a Bioquímica |9 259492 | |
| 650 | 0 | |a Células |9 269548 | |
| 650 | 0 | |a Estructura molecular |9 306892 | |
| 650 | 0 | |a Metabolismo |9 259893 | |
| 650 | 0 | |a Agua |9 257149 | |
| 650 | 0 | |a Aminoácidos |9 259616 | |
| 650 | 7 | |a PROTEINAS |2 CL-VaPUC |9 361674 | |
| 650 | 0 | |a Enzimas |9 262984 | |
| 650 | 0 | |a Lípidos |9 306890 | |
| 583 | |a last modification |c 20180112 01:26:08 |k Rodrigo Vera | ||
| 999 | |c 247988 |d 247986 | ||
| 952 | |0 0 |1 0 |4 0 |6 572_000000000000000_LEH_1975 |7 0 |8 A |9 264299 |a BIBING |b BIBING |d 2019-11-19 |i 3554791 |o 572 LEH 1975 |p 3554791 |r 2025-01-20 |w 2019-11-19 |y BK |k ING | ||
| 952 | |0 0 |1 0 |3 erd |4 0 |6 572_000000000000000_LEH_1975 |7 0 |8 A |9 264301 |a BIBALI |b BIBALI |c GEN |i 5448220 |o 572 LEH 1975 |p 5448220 |r 2025-01-20 |w 2019-11-19 |y BK |z Catalogado en:20180114 |k ALI | ||